书目信息 |
| 题名: |
钢筋混凝土结构深化设计
|
|
| 作者: | 贺嘉 , 叶雯 主编 | |
| 分册: | ||
| 出版信息: | 北京 北京理工大学出版社 2020.01 |
|
| 页数: | 228页 | |
| 开本: | 26cm | |
| 丛书名: | ||
| 单 册: | ||
| 中图分类: | TU375.04 | |
| 科图分类: | ||
| 主题词: | 钢筋混凝土结构--gang jin hun ning tu jie gou--结构设计 | |
| 电子资源: | ||
| ISBN: | 978-7-5682-8018-1 | |
| 000 | 01063nam0 2200241 450 | |
| 001 | 2063951425 | |
| 005 | 20201107175102.89 | |
| 010 | @a978-7-5682-8018-1@dCNY57.00 | |
| 100 | @a20200409d2020 em y0chiy50 ea | |
| 101 | 0 | @achi |
| 102 | @aCN@b110000 | |
| 105 | @aak a 000yy | |
| 200 | 1 | @a钢筋混凝土结构深化设计@Agang jin hun ning tu jie gou shen hua she ji@f主编贺嘉, 叶雯 |
| 210 | @a北京@c北京理工大学出版社@d2020.01 | |
| 215 | @a228页@c图@d26cm | |
| 320 | @a有书目 (第228页) | |
| 330 | @a本书共分为上、中、下三篇, 即结构设计基础篇、构件深化设计篇和结构设计实例篇。其中, 结构设计基础篇包括混凝土结构概论、钢筋和混凝土的材料力学性能、建筑结构设计方法、钢筋混凝土梁承载力计算、钢筋混凝土柱承载力计算、钢筋混凝土楼板 ; 构件深化设计篇包括剪力墙深化设计和钢框架外挂墙板深化设计 ; 结构设计实例篇主要包括装配式框架结构设计实例。 | |
| 606 | 0 | @a钢筋混凝土结构@Agang jin hun ning tu jie gou@x结构设计 |
| 690 | @aTU375.04@v5 | |
| 701 | 0 | @a贺嘉@Ahe jia@4主编 |
| 701 | 0 | @a叶雯@Aye wen@4主编 |
| 801 | 0 | @aCN@b人天书店@c20201002 |
| 905 | @aZUCC@dTU375.04@eH312 | |
| 钢筋混凝土结构深化设计/主编贺嘉, 叶雯.-北京:北京理工大学出版社,2020.01 |
| 228页:图;26cm |
| ISBN 978-7-5682-8018-1:CNY57.00 |
| 本书共分为上、中、下三篇, 即结构设计基础篇、构件深化设计篇和结构设计实例篇。其中, 结构设计基础篇包括混凝土结构概论、钢筋和混凝土的材料力学性能、建筑结构设计方法、钢筋混凝土梁承载力计算、钢筋混凝土柱承载力计算、钢筋混凝土楼板 ; 构件深化设计篇包括剪力墙深化设计和钢框架外挂墙板深化设计 ; 结构设计实例篇主要包括装配式框架结构设计实例。 |
| ● |
| 相关链接 |
|
|
|
正题名:钢筋混凝土结构深化设计
索取号:TU375.04/H312
 
预约/预借
| 序号 | 登录号 | 条形码 | 馆藏地/架位号 | 状态 | 备注 |
| 1 | 1486573 | 214865733 | 建筑库101/101建筑库 88排3列5层/ [索取号:TU375.04/H312] | 在馆 | |
| 2 | 1486594 | 214865948 | 建筑库101/101建筑库 88排3列5层/ [索取号:TU375.04/H312] | 在馆 |